000 00865cam a2200193 4500
001 WB3903-05
008 030123n2003 000 0 eng u
035 _a(Sirsi) u121104
245 _aListen for CPD
260 _c2003
490 _aRICS News Service
_v 16 January 2003, (1)
520 _aIt is possible to borrow audio tapes and CPD study packs, on a variety of subjects, from the RICS Library free of charge, as part of your CPD requirements. More information on this is available from the library t +44 (0)870 333 1600 or visit the library pages on http://www.rics.org/resources/library http://www.rics.org/ricscms/bin/show?class=News&template=/includes/shownews.html&id=3725&faculty=RICS#
590 _aWB
650 _aCPD
650 _aSTUDY PACKS
650 _aPROFESSIONAL DEVELOPMENT
690 _aCAREERS, EDUCATION AND TRAINING
942 _n0
999 _c71964
_d71964